Suomen maalaiskunnat - Statistics

Yleistilastot
  • Tätä visaa on pelattu 59 kertaa
  • Keskiarvotulos 21 / 37
Vastaustilastot
lääni maalaiskunnan nimi vuosi % Oikein
Uusimaa Helsingin mlk 1972
94%
Keski-Suomi Jyväskylän mlk 2009
89%
Mikkeli Mikkelin mlk 2001
89%
Lappi Rovaniemen mlk 2006
89%
Kuopio Kuopion mlk 1969
83%
Häme Hämeenlinnan mlk 1948
81%
Oulu Oulun mlk 1910
81%
Lappi Kemin mlk 1980
78%
Uusimaa Porvoon mlk 1997
75%
Viipuri Viipurin mlk 1944
75%
Uusimaa Hyvinkään mlk 1969
72%
Turku ja Pori Porin mlk 1967
72%
Uusimaa Lohjan mlk 1978
69%
Oulu Kajaanin mlk 1977
67%
Mikkeli Heinolan mlk 1997
64%
Turku ja Pori Rauman mlk 1993
64%
Vaasa Seinäjoen mlk 1959
61%
Lappi Kemijärven mlk 1973
56%
Vaasa Kokkolan mlk 1927
56%
Mikkeli Pieksämäen mlk 2004
56%
Viipuri Sortavalan mlk 1944
56%
Uusimaa Hangon mlk 1977
53%
Uusimaa Tammisaaren mlk 1977
53%
Keski-Suomi Äänekosken mlk 1969
50%
Vaasa Pietarsaaren mlk 1989
50%
Uusimaa Karjaan mlk 1969
47%
Turku ja Pori Naantalin mlk 1964
47%
Pohjois-Karjala Nurmeksen mlk 1973
44%
Viipuri Käkisalmen mlk 1944
42%
Turku ja Pori Uudenkaupungin mlk 1969
42%
Oulu Iisalmen mlk 1970
36%
Vaasa Uudenkaarlepyyn mlk 1975
33%
Turku ja Pori Loimaan mlk 1978
28%
Viipuri Koiviston mlk 1944
25%
Häme Ikaalisten mlk 1972
22%
Turku ja Pori Paraisten mlk 1967
19%
Vaasa Kristiinankaupungin mlk 1919
17%
Ehtoja vastaavia visoja ei löytynyt
Tulosjakauma
Jokaisen tuloksen saaneiden osuus
Persentiili vastausten määrän mukaan
Tuloshistoriasi
Et ole pelannut tätä visaa